Флагове на държави, които започват с К - Statistics

General Stats
  • This quiz has been taken 45 times
  • The average score is 15 of 18
Answer Stats
Picture Answer % Correct
Китай
100%
Канада
97%
Казахстан
95%
Кипър
95%
Колумбия
92%
Камбоджа
92%
Косово
92%
Катар
86%
Кения
84%
Камерун
78%
Кувейт
78%
Куба
76%
Коста Рика
76%
Кирибати
76%
Кот д'Ивоар
70%
Киргизстан
68%
Кабо Верде
68%
Коморски острови
65%
No matching quizzes found
Score Distribution
Percent of People with Each Score
Percentile by Number Answered
Your Score History
You have not taken this quiz